Zväzácke vzdelávanie po novom

Bibliographic Details
Main Authors: Moučková, Miroslava (Author), Sládečková, Darina (Author)
Format: Article
Language:Slovak
Subjects:

MARC

LEADER 00000nab a2200000 a 4500
001 vtls000302738
003 SK-MaSNL
005 20260305005715.0
008 111201c1988 xo 0 slo
015 |a SNBRB19rr/mm-uuuuu 
035 |a CL0312857 
040 |a SNKBUCL  |b slo  |c SNKBUCL  |e AACR2 
041 0 |a slo 
044 |a xo  |c SK 
080 |a 374.73:329.78(437)SZM  |2 1981 
080 |a 329.78(437)SZM  |2 1981 
100 1 |a Moučková, Miroslava  |4 aut  |9 1584682 
245 1 0 |a Zväzácke vzdelávanie po novom  |c Miroslava Moučková, Darina Sládečková 
610 2 7 |a Socialistický zväz mládeže  |2 snkbucl  |9 51618 
650 0 7 |a vzdelávanie zväzácke  |2 snkbucl  |9 1584683 
655 7 |a články z novín a časopisov  |2 snkbucl  |9 267496 
700 1 |a Sládečková, Darina  |4 aut  |9 348148 
773 0 |t Smena  |g Roč. 41, č. 40 (18. 2. 1988), s. 1 
850 |a Slovenská národná knižnica v Martine  |a MTA001 
852 |a SNK  |b KIS3GCP 
958 |a RK 
992 |a RBX 
999 |c 3242034  |d 3243964